[Event "Noale Szabados Memorial-B 5th"]
[Site "Noale"]
[Date "2012.02.05"]
[Round "5"]
[White "Lucich, Silvano"]
[Black "Schiera, Ignazio"]
[Result "1-0"]
[WhiteElo "1440"]
[BlackElo "1503"]
[PlyCount "97"]
[EventDate "2012.02.03"]
[EventType "swiss"]
[EventRounds "5"]
[EventCountry "ITA"]
[SourceTitle "EXT 2022"]
[Source "ChessBase"]
[SourceDate "2021.10.06"]
[SourceVersion "1"]
[SourceVersionDate "2021.10.06"]
[SourceQuality "1"]

1. d4 Nf6 2. c4 e6 3. e3 Be7 4. Nf3 Nc6 5. Be2 d5 6. 0-0 0-0 7. a3 dxc4 8. Bxc4 a6 9. Nc3 b5 10. Be2 Nd5 11. Qc2 Nxc3 12. bxc3 Bd6 13. Bb2 Re8 14. e4 Bf4 15. Bc1 Bxc1 16. Qxc1 Ne7 17. Rd1 c6 18. c4 Bb7 19. Ra2 Qb6 20. c5 Qc7 21. Qb2 Ng6 22. g3 Rad8 23. e5 Ne7 24. Qa1 Nd5 25. Qc1 Qa5 26. Rd3 Nb4 27. Qc3 Rf8 28. Qxb4 Qc7 29. Qb3 Qe7 30. Rad2 f5 31. exf6 Rxf6 32. Nh4 Rdf8 33. f4 Rh6 34. Bg4 Rff6 35. Nf5 Rxf5 36. Bxf5 Rf6 37. Bh3 h5 38. Re3 Bc8 39. Rde2 Kf7 40. f5 g5 41. fxe6+ Kg7 42. Rf2 g4 43. Bg2 Bxe6 44. Qc3 Rxf2 45. Kxf2 Qf6+ 46. Kg1 Bd5 47. Bxd5 cxd5 48. c6 Qf5 49. Qe1 1-0

[Event "Noale Szabados Memorial-B 5th"]
[Site "Noale"]
[Date "2012.02.04"]
[Round "2"]
[White "Lucich, Silvano"]
[Black "Bergamasco, Tommaso"]
[Result "1/2-1/2"]
[WhiteElo "1440"]
[BlackElo "1689"]
[PlyCount "40"]
[EventDate "2012.02.03"]
[EventType "swiss"]
[EventRounds "5"]
[EventCountry "ITA"]
[SourceTitle "EXT 2022"]
[Source "ChessBase"]
[SourceDate "2021.10.06"]
[SourceVersion "1"]
[SourceVersionDate "2021.10.06"]
[SourceQuality "1"]

1. d4 Nf6 2. e3 g6 3. c4 Bg7 4. Nc3 d6 5. Be2 0-0 6. Nf3 c5 7. 0-0 e6 8. Qc2 Qe7 9. a3 a5 10. Rd1 b6 11. b3 Bb7 12. Bb2 Nc6 13. dxc5 bxc5 14. h3 Rfd8 15. Rab1 Rab8 16. Ba1 Ba8 17. Rb2 d5 18. cxd5 Nxd5 19. Nxd5 Rxd5 20. Rxd5 Bxb2 1/2-1/2